Måneskin - For Your Love Lyrics - Statistics

General Stats
  • This quiz has been taken 117 times
  • The average score is 195 of 233
Answer Stats
Hint Answer % Correct
Pre-Chorus | Verse 1 I
100%
you
100%
Chorus For
99%
for
99%
love
97%
a
94%
your
94%
do
93%
what
91%
to
90%
want
90%
be
88%
man
88%
the
88%
I'll
87%
tonight
87%
wanna
87%
first
85%
look
85%
and
84%
And
84%
in
84%
whatever
84%
at
82%
fuck
79%
go
79%
scream
79%
cry
78%
my
78%
until
78%
arms
76%
make
76%
hold
75%
me
75%
night
75%
smile
71%
light
69%
wild
69%
between
68%
head
68%
see
68%
stuck
68%
give
66%
morning
65%
Verse 2 | Verse 3 So
65%
so
65%
swim
65%
tell
65%
Tell
65%
baby
63%
good
63%
drive
60%
of
57%
can
56%
don't
54%
middle
54%
much
54%
now
54%
thighs
54%
why
54%
leave
53%
got
51%
please
51%
alone
50%
I've
47%
Pre-Chorus Yeah
37%
Chorus Because
18%
No matching quizzes found
Score Distribution
Percent of People with Each Score
Percentile by Number Answered
Your Score History
You have not taken this quiz